000 00832nam a22002777a 4500
003 CHAP
005 20220329140240.0
008 971013s1972 r 00010 d
010 _a49234
011 _a50206
035 _a54356
040 _cCHAP
090 _aFolleto 3131
100 0 0 _aViacava, Carlos.
_9119033
245 _aAlgunos aspectos de política cafeeira
260 _aRío de Janeiro :
_bInstituto Brasileiro do Café,
_c1972
300 _a36 p.
590 _aBATCH-UPD
_b10
_c20130110
_lUCH01
_h0320
590 _aBATCH-UPD
_b10
_c20130409
_lUCH01
_h2353
590 _aBATCH-UPD
_b10
_c20130914
_lUCH01
_h1931
590 _aCONVERSION
_b10
_c20130109
_lUCH01
_h1327
650 1 4 _aPolítica cafetelera
_xBrasil.
_990455
901 _aBK
942 _cFOLL
949 _aFolleto 3131
_bBC
_cFOLL
_d-119992
_eTS1
_i54356
_mD
_si
999 _c49234
_d49234